000 00347nam a2200157Ia 4500
005 20250423101121.0
008 250422s9999 xx 000 0 und d
020 _a0-618-82748-0
245 0 _aTexas Math
260 _aBOSTON
260 _bHOUGHTON MIFFIN COMPANY
260 _c2009
300 _a604 p
650 _aMathematics
942 _cBK
999 _c35337
_d35337